| 000 | 00876nam a22002777a 4500 | ||
|---|---|---|---|
| 005 | 20170124110212.0 | ||
| 010 | _aA-948425 | ||
| 020 | _c00.00 | ||
| 035 | _aA-948425 | ||
| 037 | _bCen Lib/Ret | ||
| 040 |
_aDPL _bEN |
||
| 082 |
_a616.89 _bSLA |
||
| 100 |
_aSlater, Mayer-Gross _938378 |
||
| 245 |
_aClinical psychiatry / _cby Mayer-Gross Slater [and] Roth; edited by Aliot slater [and] Martin Roth |
||
| 250 | _a3rd ed | ||
| 260 |
_a Delhi _bA.I.T.B.S. publishers _c1998 |
||
| 270 |
_aJ-5/6, Krishna nagar _b Delhi _e110051 |
||
| 300 |
_axvi,901p. _c23cm(Hb) |
||
| 500 | _aIncludes bibliographical references and index | ||
| 650 |
_aClinical psychiatry _938379 |
||
| 650 |
_aPersonality deviations _938380 |
||
| 700 |
_aRoth _974178 |
||
| 700 |
_aSlater, Eliot _938381 |
||
| 700 |
_aRoth, Martin _938382 |
||
| 942 |
_2ddc _cEN _h616.89 _mSLA |
||
| 999 |
_c133596 _d133596 |
||